000 00886nas a2200289 4500
001 BR0204211
003 BR-BrBNA
005 20231205103207.0
007 ta
008 230509b bl.|||p| |||| 00| 00por d
040 _aBR-BrBNA
_bpor
_cBiblioteca Nacional de Agricultura
041 _a(Pt)
072 _aH20
100 1 _aFranco, D.F.
100 1 _aRibeiro, A.S.
100 1 _aNunes, C.D.
100 1 _aFerreira, E.
245 1 _aFungos associados a sementes de arroz irrigado no Rio Grande do Sul
650 _aARROZ IRRIGADO
650 _aSEMENTE
650 _aFUNGO
650 _aRIO GRANDE DO SUL
773 0 _tRevista Brasileira de Agrociência (Brazil)
_xISSN 0104-8996
_g(Sep-Dec 2001), v.7(3) p. 235-236
_wBR0204211
856 4 0 _uhttp://www.ufpel.tche.br/faem/agrociencia/v7n3/artigo16.pdf
909 _a202311
_bLúcia
_c55
_dLúcia Elande
942 _2AGRIS
_n0
_cANA
999 _c171584
_d171584